000
00295nam a22001217a 4500
999
_c
13685
_d
13685
082
_a
297.54
_b
ZAK
100
_a
Zakariyya KandaFaiz Ahmed Faiz
245
_a
Faza'il-e-Sadaqaat (Translated)
260
_a
Lahore
_b
Kutub Khana Faizi
300
_a
719 P.
650
_a
Islam, Spending
942
_c
BK